000 00489nam a22001937a 4500
999 _c171811
_d171811
005 20200121123717.0
010 _aA-420097
020 _c10.00
035 _aA-420097
037 _bBPPD/Pub.
082 _aن
100 _aظفر محمود
245 _aپورا ہرار مکان /
_cظفر محمود
246 _aPura Harar Makan (Urdu) /
_bby Zafar Mehmood
260 _a-
_b-
_c1989 ء
270 _b-
_a-
_e-
300 _a127p.
_c20cm(Hb)
942 _2ddc
_cUR
_hن
_mظ ف ر